Advanced accounting (Record no. 33520)

MARC details
000 -LEADER
fixed length control field 00499nam a2200145 a 4500
008 - FIXED-LENGTH DATA ELEMENTS--GENERAL INFORMATION
fixed length control field 120416s1966 ||||||||||||||||| || u
050 ## - LIBRARY OF CONGRESS CALL NUMBER
Classification number HF 5635 Gri
100 ## - MAIN ENTRY--PERSONAL NAME
Personal name Griffin, Charles H
245 10 - TITLE STATEMENT
Title Advanced accounting
260 ## - PUBLICATION, DISTRIBUTION, ETC.
Place of publication, distribution, etc. Homewood, Ill.
Name of publisher, distributor, etc. R.D. Irwin
Date of publication, distribution, etc. 1966
300 ## - PHYSICAL DESCRIPTION
Extent xv, 830p. : ill
350 ## - PRICE (NR) (BK AM CF MU VM SE) [OBSOLETE]
Price 0.00
700 ## - ADDED ENTRY--PERSONAL NAME
Personal name Welsch, Glenn A
995 ## - RECOMMENDATION 995 [LOCAL, UNIMARC FRANCE]
-- 0.00
-- CBU-MAIN LIBRARY (Kitwe)
-- 1
-- 6.00
-- AVAILABLE
-- Annex Low-Usage Collection
Holdings
Withdrawn status Lost status Source of classification or shelving scheme Damaged status Not for loan Home library Current library Shelving location Date acquired Total Checkouts Full call number Barcode Date last seen Price effective from Koha item type
          CBU-MAIN LIBRARY, KITWE. CBU-MAIN LIBRARY, KITWE.   11/30/2022   HF 5635 Gri 005440 11/30/2022 11/30/2022 MONOGRAPH